Katarína na blate, Vianoce tiež?

Bibliographic Details
Format: Article
Language:Slovak
PhysicalDescription:Tab.
ISSN:1338-0346
Subjects:

MARC

LEADER 00000nab a2200000 a 4500
001 vtls010490452
003 SK-MaSNL
005 20260305033250.0
008 130213c2012 xo wr 0 0slo
038 |a SLLK 
040 |a SLLK  |b slo  |c sllk  |e AACR2 
041 |a slo 
044 |a xo  |c SK 
080 |a 551.515  |2 2001 
245 0 0 |a Katarína na blate, Vianoce tiež?  |c [autor] (mv) 
300 |b Tab. 
648 7 |a 2012  |2 snkbucl  |9 326619 
650 0 7 |a počasie  |x november 2012  |z Stará Ľubovňa (Slovensko : okres)  |2 SLLK  |9 1613566 
651 7 |a Stará Ľubovňa (Slovensko : okres)  |2 SLLK  |9 19196 
773 0 |t Ľubovnianske noviny  |g Roč. XXXVII, č. 45 (2012), s. 2  |x 1338-0346 
999 |c 3323561  |d 3325491